| 000 | 01399nam a2200325 i 4500 | ||
|---|---|---|---|
| 003 | EG-ScBUE | ||
| 005 | 20240123095324.0 | ||
| 008 | 190504s2013 ua f 000 0 ara d | ||
| 017 | _a2012 / 1881 | ||
| 020 | _a9789770931059 | ||
| 040 |
_aEG-ScBUE _bara _erda _cEG-ScBUE _dEG-ScBUE |
||
| 043 | _af-ua--- | ||
| 082 | 0 | 4 |
_a962.056 _bأ م ي _222 |
| 100 | 1 |
_aأمين، جلال. _d1935- _eمؤلف. |
|
| 245 | 1 | 0 |
_aماذا حدث للثورة المصرية ؟ : _bأسباب ثورة 25 يناير 2011 ودواعي الأمل والقلق وآفاق المستقبل / _cجلال أمين. |
| 250 | _aالطبعة الثالثة. | ||
| 264 | 1 |
_aالقاهرة : _bدار الشروق، _c2013. |
|
| 300 |
_a334 صفحة ؛ _c24 سم |
||
| 336 |
_2rdacontent _aنص _btxt |
||
| 337 |
_aبدون وسيط _2rdamedia _bn |
||
| 338 |
_aمجلد _bnc _2rdacarrier |
||
| 650 | _2BUEsh | ||
| 651 | 7 |
_aمصر _xتاريخ _yالعصر الحديث _yثورة 25 يناير 2011. _2BUEsh |
|
| 651 | 7 |
_aمصر _xأحوال سياسية _yالعصر الحديث _yثورة 25 يناير 2011. _2BUEsh |
|
| 651 | 7 |
_aمصر _xأحوال اجتماعية _yالعصر الحديث _yثورة 25 يناير 2011. _2BUEsh |
|
| 651 | 7 |
_aمصر _xاحوال اقتصادية _yالعصر الحديث _yثورة 25 يناير 2011. _2BUEsh |
|
| 653 |
_bBUSBOL _bGGEN _cMay2019 |
||
| 655 | _vReading book | ||
| 942 | _2ddc | ||
| 999 |
_c27425 _d27396 |
||